| 000 | 01940 a2200241 4500 | ||
|---|---|---|---|
| 001 | 53085 | ||
| 005 | 20260407155804.0 | ||
| 008 | 260407a1994 arg spa d | ||
| 003 | AR-UNSa-BCEJYS | ||
| 040 |
_aAR-UNSa-BCEJYS _bspa _cAR-UNSa-BCEJYS |
||
| 080 |
_a330.101.541 _xMacroeconomía |
||
| 245 | 1 | 0 | _aCurso de macroeconomía |
| 020 | _a978-84-85855-73-5 | ||
| 264 | 1 |
_aBarcelona : _bAntoni Bosch _c1994 |
|
| 300 |
_a586 p. _c23 cm. |
||
| 505 | _a1. Macroeconomía:Conceptos e instrumentos - 2. Magnitudes macroeconómicas básicas - 3. Introducción y supuestos del modelo - 4.Un modelo sencillo de determinación del nivel de renta - 5. La demanda de consumo - 6. La demanda de inversión - 7. El equilibrio en el mercado de bienes:La curva IS - 8. La demanda de dinero - 9. El sistema monetario y la oferta de dinero - 10. El equilibrio en los mercados financieros:La curva LM - 11. El modelo IS-LM:El equilibrio del nivel de renta,la política monetaria y la política fiscal - 12. Introducción del nivel de precios en el modeo IS-LM:La curva de demanda agregada - 13. El mercado del trabajo y la oferta agregada en un modelo Keynesiano - 14. El modelo Keynesiano completo.El papel de la política económica - 15. El modelo clásico - 16. La inflación:Causas y efectos - 17. La relación entre inflación y desempleo - 18. Nueva Macroeconomía Clásica y nueva Macroeconomía Keynesiana - 19. La balanza de pagos y los mercados de cambios - 20 La determinación del nivel de renta en una economía abierta - 21. El ajuste de la balanza de pagos - 22. La política monetaria y la política fiscal en una economía abierta - 23. La oferta agregada y la economía abierta | ||
| 041 | _aspa | ||
| 942 | _cBK | ||
| 590 | _aniveau_biblio:m niveau_hierar:0 | ||
| 100 | 1 | _aBajo, Óscar | |
| 700 | 1 | _aMonés, María Antonia | |
| 856 | 4 | 1 |
_uhttps://www.biblioeco.unsa.edu.ar/pmb/images/libros/L128401.jpg _yImagen de portada _qimage/jpeg |
| 999 |
_c5072 _d5072 |
||